| 000 | 00830nam a2200289Ia 4500 | ||
|---|---|---|---|
| 001 | F6073 | ||
| 003 | IT-RoPAU | ||
| 008 | 130308s9999 xx 000 0 und d | ||
| 040 | _aIT-RoPAU | ||
| 040 | _cIT-RoPAU | ||
| 041 | _aITALIANO | ||
| 100 | _aMontanaro Carlo | ||
| 100 | _gCodice Aut. SPICS: 3629 | ||
| 245 | _aArte della sostituzione (L') | ||
| 245 | _bAnimania: 100 Anni di Esperimenti nel Cinema D'Animazione | ||
| 250 | _a1a ed. | ||
| 260 | _aMILANO | ||
| 260 | _bIl Castoro | ||
| 260 | _c1998 [1° Ed.:1998 - Ed.Ling.Originale:1998] | ||
| 300 | _a"6 p. (prefazione: no ; testo: 6 [pagine: 25-30])" | ||
| 500 | _aStoria e Tecniche dell'animazione Dalle Origini al Rotoscope. | ||
| 650 | _aGENERI CINEMATOGRAFICI | ||
| 650 | _eCodice materia Spics: 6810 | ||
| 942 | _cBK | ||
| 957 | _71 | ||
| 999 |
_c83608 _d83608 |
||
| 999 | _g1 | ||